000 00299nam a22001337a 4500
008 171102b xxu||||| |||| 00| 0 eng d
020 _a9780256087444
041 _aeng
080 _23 ED
_a33
100 _a59
101 _aBUS
245 _aLAW BUSINESS AND SOCIETY
_cTONY.M
942 _2udc
_cBK
999 _c37234
_d37234